|
|
|
|
| LEADER |
00997nam a2200313 4500 |
| 001 |
DLU090092919 |
| 005 |
##20091201 |
| 040 |
# |
# |
|a DLU
|b eng
|
| 041 |
# |
# |
|a eng
|
| 044 |
# |
# |
|a us
|
| 100 |
# |
# |
|a Kurmayer, Rainer.
|
| 245 |
# |
# |
|a Application of real-time PCR for quantification of microcystin genotypes in a population of the toxic cyanobacterium microcystis sp. /
|c Rainer Kurmayer, Thomas Kutzenberger.
|
| 653 |
# |
# |
|a Bacteria
|
| 653 |
# |
# |
|a Cyanobacteria
|
| 653 |
# |
# |
|a Genotype
|
| 653 |
# |
# |
|a Microcystis
|
| 653 |
# |
# |
|a Polymerase chain reaction
|
| 653 |
# |
# |
|a Toxin
|
| 700 |
# |
# |
|a Kutzenberger, Thomas.
|
| 773 |
# |
# |
|t Applied and Environmental Microbiology
|g Vol. 69, no. 11 (November 2003), p. 6723-6730
|
| 920 |
# |
# |
|a Phòng Tạp chí -- Trung tâm Thông tin - Thư viện Trường Đại học Đà Lạt
|
| 994 |
# |
# |
|a DLU
|
| 900 |
# |
# |
|a True
|
| 911 |
# |
# |
|a Trương Bảo Trâm Anh
|
| 925 |
# |
# |
|a G
|
| 926 |
# |
# |
|a A
|
| 927 |
# |
# |
|a BB
|
| 980 |
# |
# |
|a Thư viện Trường Đại học Đà Lạt
|